Administrative costs of taxation in a transition country: the case of Slovenia

Vývoj daňových nákladov v Slovinsku za obdobie 15 rokov. Problematika vyrovnávania nákladov. Možnosti zavedenia jednotnej dane v Slovinsku.

Na minha lista:
Detalhes bibliográficos
Autor principal: Klun, Maja
Formato: Capítulo de Livro
Idioma:inglês
Assuntos:
Tags: Adicionar Tag
Sem tags, seja o primeiro a adicionar uma tag!

MARC

LEADER 00000naa a2200000 4500
001 r048649
005 20231004102446.7
041 0 |a eng 
044 |a CZ 
245 1 0 |a Administrative costs of taxation in a transition country: the case of Slovenia  |c Maja Klun 
520 |a Vývoj daňových nákladov v Slovinsku za obdobie 15 rokov. Problematika vyrovnávania nákladov. Možnosti zavedenia jednotnej dane v Slovinsku. 
610 2 0 |a zdaňovanie 
610 2 0 |a systémy daňové 
610 2 0 |a dane z hodnoty pridanej 
610 2 0 |a náklady daňové 
610 2 0 |a daňovníci 
610 2 0 |a Slovinsko 
100 1 |a Klun, Maja